000
00240nam a2200097Ia 4500
001
1221610
005
20250827092832.0
008
250824s9999 xx 000 0 und d
245
0
_a
EYVALLAH 1
_c
HİKMET ÖZTEKİN
260
_b
DESTEK YAYINLARI
999
_c
1221610
_d
1221610